Diaries from my attic: (Record no. 511677)

000 -LEADER
fixed length control field 00589nam a22001577a 4500
020 ## - INTERNATIONAL STANDARD BOOK NUMBER
International Standard Book Number 9789386302489
082 ## - DEWEY DECIMAL CLASSIFICATION NUMBER
Classification number A72x54113 L146
100 ## - MAIN ENTRY--PERSONAL NAME
Personal name Laitflang, Wilson R.
9 (RLIN) 11801
245 ## - TITLE STATEMENT
Title Diaries from my attic:
Remainder of title a journey into the past
Statement of responsibility, etc by Wilson R. Laitflang
260 ## - PUBLICATION, DISTRIBUTION, ETC. (IMPRINT)
Place of publication, distribution, etc Guwahati
Name of publisher, distributor, etc EBH
Date of publication, distribution, etc 2018
300 ## - PHYSICAL DESCRIPTION
Extent 100p.
650 ## - SUBJECT ADDED ENTRY--TOPICAL TERM
Topical term or geographic name as entry element Meghalaya (India) -- Description and travel.
9 (RLIN) 11948
650 ## - SUBJECT ADDED ENTRY--TOPICAL TERM
Topical term or geographic name as entry element Laitflang, W. R. -- Travel -- Meghalaya -- Diaries.
9 (RLIN) 11949
650 ## - SUBJECT ADDED ENTRY--TOPICAL TERM
Topical term or geographic name as entry element Meghalaya (India) -- Officials and employees -- Travel -- Diaries
9 (RLIN) 11950
700 ## - ADDED ENTRY--PERSONAL NAME
Personal name Pyngrope, Iadalang, ed.
9 (RLIN) 11802
Holdings
Withdrawn status Lost status Source of classification or shelving scheme Damaged status Koha normalized classification for sorting Not for loan Permanent location Current location Date acquired Full call number Barcode Date last seen Price effective from Koha item type
        A_72X54113_L146   Indian Institute of Public Administration Indian Institute of Public Administration 2019-10-03 A72x54113 L146 GR21882 2019-10-03 2019-10-03 GR

Powered by Koha